000 00570nam a2200181Ia 4500
003 GCL
008 140319s9999 xx 000 0 ara d
040 _aGCL /
_cGCL
082 0 4 _a657.45
_bع ر
100 1 _aعوف محمود الكفراوى
245 1 0 _aالرقابة المالية النظرية والتطبيقية /
_cعوف محمود الكفراوى
260 _a[S.N] :
_bمؤسسة شباب الجامعة ،
_c1989
300 _a388 ص
490 _a
650 0 4 _aالمحاسبة
650 0 4 _aالمراقبة المالية
942 _2ddc
_cBK
999 _c53900
_d53900